| 000 | 00701nam a2200229 a 4500 | ||
|---|---|---|---|
| 005 | 20140310183433.0 | ||
| 008 | 080110s19uu xx 00 eng d | ||
| 020 | _a9780415372602 | ||
| 050 |
_aRJ 506.A9 _b.H654 2007 |
||
| 100 | _aHillman, Jennifer | ||
| 245 |
_aChildhood autism : _ba clinician's guide to early diagnosis and integrated treatment / _cJennifer Hillman |
||
| 260 |
_aLondon : _bRoutledge, _c2007. |
||
| 300 |
_a161 p. : _c22 cm. |
||
| 521 | _aEDU | ||
| 650 | _aAutism in children. | ||
| 650 |
_aAutistic disorder _xpsychology. |
||
| 650 |
_aAustistic disorder _xtherapy. |
||
| 700 | _aSnyder, Stephen | ||
| 700 | _aNeubrander, James | ||
| 942 |
_cBK _2lcc _kFOR |
||
| 999 |
_c22771 _d22771 |
||